000 00581nam a2200205 a 4500
001 86162
003 BD-RjUL
005 20260205114557.0
008 260205s1986 bg ||||| |||| 00| 0 eng d
035 _a(BD-RjUL)86162
040 _aBD-RjUL
_beng
_cBD-RjUL
041 _aeng
082 _223
_a891.441
_bCHO 1986
245 _aA Choice of contemporary verse from Bangladesh /
_cedited by M. Harunur Rashid.
260 _aDhaka :
_bBangla Academy,
_c1986.
300 _a259,vi p.;
_c22 cm.
650 _aBengali poetry
700 _aRashid, M. Harunur
_917676
942 _2ddc
_cBK
999 _c86162
_d86162